| 000 | 01807nmc a2200493 a 4500 | ||
|---|---|---|---|
| 003 | AR-BaBNM | ||
| 005 | 20251128210638.0 | ||
| 008 | 116020s2005 ||||||||||||||000 | spa|| | ||
| 020 | _a978-84-95294-65-4 | ||
| 040 | _cAR-BaBNM | ||
| 111 | 2 |
_aCongreso de Educación Ambiental para el Desarrollo Sustentable de la República Argentina _n1 _d2004 _cCórdoba, Argentina |
|
| 245 | 1 | 0 |
_aEducación ambiental para el desarrollo sustentable _baportes y apuntes del Primer Congreso de Educación Ambiental para el Desarrollo Sustentable de la República Argentina |
| 250 | _a1ª ed. | ||
| 260 |
_aBuenos Aires _bCtera _c2005 _bEdiciones Marina Vilte _bMiño y Dávila Editores |
||
| 300 | 0 | _a413 p. | |
| 490 | 0 | _aSociedad y ambiente. Educación, ambiente y sustentabilidad | |
| 505 |
_tPalabras de apertura del Congreso _rFilmus Daniel |
||
| 505 |
_tPalabras de cierre del Congreso _rCardelli, Jorge |
||
| 610 | 2 | 4 | _aEscuela Marina Vilte |
| 650 | 4 | _aEDUCACION AMBIENTAL | |
| 650 | 4 | _aPOLITICA EDUCATIVA | |
| 650 | 4 | _aPROGRAMAS DE EDUCACION | |
| 653 | 0 | _aDESARROLLO SUSTENTABLE | |
| 653 | 0 | _aEXPERIENCIAS EDUCATIVAS | |
| 700 | 1 |
_aPriotto, Guillermo _ecompilador |
|
| 700 | 1 | _aQuinteros, Felipe A. | |
| 700 | 1 | _aDalerba, Laura | |
| 700 | 1 | _aGalano, Carlos | |
| 700 | 1 | _aGonzález Gaudiano, Edgar | |
| 700 | 1 | _aGurevich, Raquel | |
| 700 | 1 | _aLeff Zimermann, Enrique | |
| 700 | 1 | _aMaffei, Marta | |
| 700 | 1 | _aPomier Layrargues, Philippe | |
| 700 | 1 | _aRojas Valencia, Jorge | |
| 700 | 1 | _aRivarosa, Alcira Susana | |
| 700 | 1 | _aTréllez Solís, Eloísa | |
| 700 | 1 |
_aYasky, Hugo _eprologuista |
|
| 700 | 1 |
_aCardelli, Jorge _eprologuista |
|
| 800 | 1 | _aGalano, Carlos | |
| 800 | 1 | _aRivarosa, Alcira Susana | |
| 800 | 1 | _aPriotto, Guillermo | |
| 942 | _cBK | ||
| 998 | _cme-solo cat | ||
| 999 |
_c16306 _d16306 |
||